Diseño, desarrollo y validación de un modelo de actualización docente permanente de tipo virtual, en el contexto de la reforma educacional para profesores del área técnico-profesional: objetivos fundamentales transversales y terminales, metodología docente y actualización de contenidos

Guardat en:
Dades bibliogràfiques
Format: Llibre
Idioma:espanyol
Publicat: Santiago Grupo Santillana 2004
Santiago Pontificia Universidad Católica de Valparaíso 2004
Matèries:
Etiquetes: Afegir etiqueta
Sense etiquetes, Sigues el primer a etiquetar aquest registre!

MARC

LEADER 00000nam a2200000 a 4500
001 UCK3648
003 CL-VaPUC
008 050506e20040000cl |||||||||||||||||spa|d
082 0 4 |a 373.246  |b DIS  |2 21 
245 1 0 |a Diseño, desarrollo y validación de un modelo de actualización docente permanente de tipo virtual, en el contexto de la reforma educacional para profesores del área técnico-profesional: objetivos fundamentales transversales y terminales, metodología docente y actualización de contenidos 
246 1 0 |a Capacitación continua virtual para docentes del área técnico profesional 
300 |a 16 p 
942 |c BK 
945 |d 20050506 00:00:00  |a cmena 
260 |a Santiago  |b Grupo Santillana  |c 2004 
260 |a Santiago  |b Pontificia Universidad Católica de Valparaíso  |c 2004 
500 |a Proyecto FONDEF N§ D001 1045 
500 |a Complementario con: Materiales pedagógicos de carácter técnico para las especialidades de Electricidad, Mecánica Autmotriz, Operaciones Portuarias y Contabilidad 
650 0 |a Electricidad  |9 260222 
650 7 |a EDUCACION TECNICO PROFESIONAL  |2 CL-VaPUC  |9 345113 
650 0 |a Métodos de enseñanza  |9 270413 
650 0 |a Educación virtual  |9 491799 
650 0 |a Planificación del currículo  |9 269599 
650 0 |a Formación profesional de profesores  |9 307493 
650 0 |a Capacitación docente  |9 312871 
650 0 |a Innovaciones pedagógicas  |9 307471 
583 |a last modification  |c 20171017 11:50:13  |k Rodrigo Vera 
999 |c 312766  |d 312764 
952 |0 0  |1 0  |4 0  |6 373_246000000000000_DIS_2004_2004  |7 0  |8 F  |9 383591  |a BIBING  |b BIBING  |d 2019-11-21  |i 4122321  |o 373.246 DIS 2004 2004  |p 4122321  |r 2023-03-02  |w 2019-11-21  |y BK_F  |k ING 
952 |0 0  |1 0  |4 0  |6 373_246000000000000_DIS_2004_2004  |7 0  |8 X  |9 383592  |a FDOBUD  |b FDOBUD  |d 2019-11-21  |i 4555228  |o 373.246 DIS 2004 2004  |p 4555228  |r 2019-11-21  |w 2019-11-21  |y BK_X  |k BUD